00514nam a2200193 a 4500001001300000003000900013005001700022008004100039020002300080082001600103100001900119245004000138260003200178300000900210500003500219505002400254650002300278700001900301nice12345678IN_TiNIC20260116012736.0050524s1993 dela grp 000 0 eng  a0670035 c19500a181.07bZAK aZakaria, Rafiq aIqbalb the Poet and the Politician aDelhibPenguin Books c1993 a189p aincludes index and biblioraphy2 aBibliography, Index aPhilosophy-Islamic1 aZakaria, Rafiq